| 000 | 00590nam a2200193 a 4500 | ||
|---|---|---|---|
| 005 | 20210219152949.0 | ||
| 008 | 991125n 000 0 u | ||
| 035 | _aUPN01000069260 | ||
| 100 | _aApplegate, Brooks | ||
| 222 | _aJOURNAL OF EDUCATIONAL COMPUTING RESEARCH | ||
| 245 | _aConstruction of geometric analogy problems by young children in a computer-based test | ||
| 300 | _a61-77 | ||
| 362 | _a9, No. 1, 1993 | ||
| 505 | _aSeptiembre 1993 | ||
| 653 | 0 | _aCOMPARACION ASISTIDA POR ORDENADOR | |
| 653 | 0 | _aDIFERENCIAS INTERMADIAS | |
| 904 |
_aAC _b007071 |
||
| 905 | _aArticulo | ||
| 999 |
_c64921 _d64921 |
||